000 00465nam a2200157 4500
001 137329
003 ES-MaACL
005 20230906195343.0
007 t|
008 070214s1949 sp r ||||1| spa d
100 1 _aSánchez G., Cándido.
_9102650
245 1 3 _aLa nostalgia del camino
_b: poesías /
_cCándido Sánchez G.
260 _aOviedo :
_b[s.n.],
_c1949 (
_fGráf. Summa)
300 _a119 p. :
_bil. ;
_c17 cm.
852 _aES-MaACL
_j1901-F-1
_bR.28412
999 _c137329
_d137329